000 00215nam a2200097Ia 4500
005 20251222114415.0
008 251222s1900||||xx |||||||||||||| ||spa||
082 _aDVD0111/L27/1995
245 0 _aToy story:
942 _cDVD
999 _c2177
_d2177